Statistics for Detroit Pistons: Most Dunks Each Year

Click here to take the quiz!

General Stats

  • This quiz has been taken 50 times
    (12 since last reset)
  • The average score is 15 of 19

Answer Stats

Year Player Dunks % Correct
2001-2002Ben Wallace115
100%
2014-2015Andre Drummond166
100%
2003-2004Ben Wallace113
100%
2004-2005Ben Wallace112
100%
2005-2006Ben Wallace124
100%
2018-2019Andre Drummond167
100%
2017-2018Andre Drummond144
100%
2016-2017Andre Drummond118
100%
2002-2003Ben Wallace92
100%
2015-2016Andre Drummond115
100%
2012-2013Andre Drummond114
100%
2013-2014Andre Drummond183
100%
2006-2007Tayshaun Prince66
50%
2019-2020Christian Wood115
38%
2011-2012Jason Maxiell45
38%
2009-2010Jason Maxiell54
38%
2008-2009Jason Maxiell88
38%
2007-2008Jason Maxiell86
38%
2010-2011Chris Wilcox66
13%

Score Distribution

Percentile by Number Answered

Percent of People with Each Score

Your Score History

You have not taken this quiz since the last reset